000 00466nam a22001697a 4500
003 CEME
005 20210628202607.0
008 210119b xxu||||| |||| 00| 0 eng d
040 _cceme
082 _a358.40095491 RAI
100 _aRais A Rafi . Air Cdr(R)
_960647
245 _aPaf bomber operations ,1965-1971 wars
260 _aRAWALPINDI
_bPAF BOOK CLUB
_c2005
300 _a136 P
650 _aPAF BOMBER OPERATIONS 1965-1971 WARS
_960648
942 _cBK
_2ddc
999 _c570329
_d570329